Surviving on the Edge: (Record no. 171194)
[ view plain ]
| 000 -LEADER | |
|---|---|
| fixed length control field | 00727nam a22001937a 4500 |
| 005 - DATE AND TIME OF LATEST TRANSACTION | |
| control field | 20200108123057.0 |
| 010 ## - LCCN (DPL NO) | |
| LC control number | ENG-127297 |
| 020 ## - INTERNATIONAL STANDARD BOOK NUMBER | |
| Terms of availability | 895.00 |
| International Standard Book Number | 9789353282981 |
| 035 ## - SYSTEM CONTROL NUMBER | |
| System control number | EN-110829 |
| 037 ## - SOURCE OF ACQUISITION | |
| Source of stock number/acquisition | DBAD/PUB. |
| 082 ## - DEWEY DECIMAL CLASSIFICATION NUMBER | |
| Classification number | 303.3850954 |
| 245 ## - TITLE STATEMENT | |
| Title | Surviving on the Edge: |
| Statement of responsibility, etc | ed by Shobna Sonpar(and) Neeru Kanwar. |
| Remainder of title | Psychosocial Perspectives on vioience and Prejudice in India / |
| 260 ## - PUBLICATION, DISTRIBUTION, ETC. (IMPRINT) | |
| Place of publication, distribution, etc | New Delhi |
| Name of publisher, distributor, etc | Sage Publications India . |
| Date of publication, distribution, etc | 2019 |
| 270 ## - ADDRESS | |
| Address | B1/I-1, Mohan Cooperative Industrial Area Mathura Road Post Bag 7 |
| City | New Delhi |
| Postal code | 110044 |
| 300 ## - PHYSICAL DESCRIPTION | |
| Extent | xxviii,240p. |
| Dimensions | 23cm.(hb) |
| 500 ## - GENERAL NOTE | |
| General note | It includes index |
| 700 ## - ADDED ENTRY--PERSONAL NAME | |
| Personal name | ed by Shobna Sonpar(and) Neeru Kanwar. |
| 942 ## - ADDED ENTRY ELEMENTS (KOHA) | |
| Source of classification or shelving scheme | Dewey Decimal Classification |
| Item type | English Books |
| Call number suffix | SUR |
| Classification part | 303.3850954 |
| Withdrawn status | Lost status | Not for loan | Collection code | Home library | Current library | Date acquired | Source of acquisition | Cost, normal purchase price | Full call number | Barcode | Copy number | Cost, replacement price | Koha item type |
|---|---|---|---|---|---|---|---|---|---|---|---|---|---|
| Non-fiction | Sarojini Nagar | Sarojini Nagar | 08/01/2020 | DBAD/PUB | 895.00 | 303.3850954 SUR | EN-110829 | 1 | 895.00 | English Books |
